| 000 | 01871cpcaa2200373 a 4500 | ||
|---|---|---|---|
| 001 | mm 79001741 | ||
| 003 | DLC | ||
| 005 | 20260227111638.0 | ||
| 008 | 791113|||||||||||| eng | ||
| 010 | _amm 79001741 | ||
| 040 |
_aDLC _edacs _cDLC _dDLC |
||
| 072 | 7 |
_aC _2lcmd |
|
| 100 | 1 |
_aShirley, John, _d-1755. |
|
| 245 | 0 | 0 |
_aJohn Shirley correspondence, _f1755. |
| 300 |
_a2 _fitems. |
||
| 506 | 0 | _aOpen to research. | |
| 520 | 8 | _aTwo ALsS (1755 July 20 and September 8-11) written to Robert Hunter Morris, acting British colonial governor of Pennsylvania, by Shirley, a member of the Niagara expedition, reporting on conditions at Oswego, N.Y., the arrival of supplies, activities of the French and Indians, and plans to attack Fort Frontenac, Ont. The earlier letter contains a postscript written by Shirley's father, William Shirley, leader of the expedition and British colonial governor of Massachusetts, | |
| 545 | 0 | _aBritish colonial army officer. | |
| 546 | _aCollection material in English. | ||
| 580 | _aForms part of: Miscellaneous Manuscripts collection. | ||
| 600 | 1 | 0 |
_aMorris, Robert Hunter, _dapproximately 1700-1764 _vCorrespondence. |
| 600 | 1 | 0 |
_aShirley, William, _d1694-1771 _vCorrespondence. |
| 651 | 0 | _aFort Frontenac (Ont.) | |
| 651 | 0 |
_aMassachusetts _xPolitics and government _yTo 1775. |
|
| 651 | 0 |
_aNew York (State) _xHistory _yFrench and Indian War, 1754-1763. |
|
| 651 | 0 |
_aNiagara Frontier (N.Y.) _xHistory. |
|
| 651 | 0 |
_aOntario _xHistory. |
|
| 651 | 0 |
_aOswego (N.Y.) _xHistory. |
|
| 651 | 0 |
_aPennsylvania _xPolitics and government _yTo 1775. |
|
| 651 | 0 |
_aUnited States _xHistory _yFrench and Indian War, 1754-1763. |
|
| 656 | 7 |
_aArmy officers, British. _2itoamc |
|
| 999 |
_c40900 _d40900 |
||